Disney Channel Actresses - Statistics

General Stats
  • This quiz has been taken 340 times
  • The average score is 11 of 24
Answer Stats
Hint Answer % Correct
Hannah Montana(Miley) Miley Cyrus
90%
Wizards of Waverly Place(Alex) Selena Gomez
89%
Sonny With a Chance(Sonny) Demi Lovato
82%
The Suite Life of Zack and Cody(Maddie) Ashley Tisdale
74%
Lizzie McGuire(Lizzie) Hilary Duff
73%
Hannah Montana(Lilly) Emily Osment
71%
The Suite Life of Zack and Cody(London) Brenda Song
67%
The Suite Life on Deck(London) Brenda Song
67%
That's So Raven(Raven) Raven Symone
63%
The Suite Life on Deck(Bailey) Debby Ryan
59%
Good Luck Charlie(Teddy) Bridgit Mendler
49%
Wizards of Waverly Place(Harper) Jennifer Stone
39%
Good Luck Charlie(Charlie) Mia Talerico
36%
A.N.T. Farm(Chyna) China Anne McClain
33%
JONAS, JONAS LA(Stella) Chelsea Staub
28%
Sonny With a Chance(Tawni) Tiffany Thornton
22%
A.N.T. Farm(Olive) Sierra McCormick
20%
Kim Possible, Even Stevens Christy Carlson Romano
19%
Lizzie McGuire(Miranda) Lalaine
17%
The Proud Family(voice of Penny) Kyla Pratt
15%
That's So Raven(Chelsea) Anneliese Van der pol
14%
JONAS, JONAS LA(Macy) Nicole Anderson
14%
Life With Derek(Casey) Ashley Leggat
11%
BONUS Q: What is Emily Osment's middle name? Jordan
11%
No matching quizzes found
Score Distribution
Percent of People with Each Score
Percentile by Number Answered
Your Score History
You have not taken this quiz